Smells Like Teen Spirit - Nirvana Lyrics - Statistics

General Stats
  • This quiz has been taken 3,193 times
  • The average score is 113 of 161
Answer Stats
Lyrics % Correct
a
97%
A
97%
I
97%
an
93%
An
93%
and
89%
And
89%
no
89%
we
89%
it
87%
the
86%
are
85%
Its
84%
its
84%
now
84%
hello
83%
here
83%
Here
83%
us
83%
entertain
82%
to
81%
stupid
80%
your
80%
lights
78%
Bring
77%
out
77%
up
77%
dangerous
76%
friends
76%
guns
76%
on
76%
feel
75%
how
75%
Load
74%
mosquito
73%
contagious
72%
low
72%
pretend
71%
albino
69%
less
69%
My
69%
my
69%
libido
67%
Oh
67%
know
66%
fun
65%
With
65%
dirty
64%
word
64%
over
63%
self
63%
lose
62%
yeah
62%
She's
61%
assured
59%
what
54%
bored
52%
for
51%
mulatto
49%
never
45%
do
44%
end
43%
I'm
42%
mind
42%
Our
42%
will
42%
always
41%
until
41%
been
40%
hard
40%
me
40%
well
40%
little
39%
group
38%
has
37%
this
37%
whatever
37%
find
35%
just
35%
best
32%
smile
32%
at
31%
blessed
31%
makes
31%
why
31%
gift
30%
found
29%
guess
27%
taste
27%
worse
27%
forgot
22%
No matching quizzes found
Score Distribution
Percent of People with Each Score
Percentile by Number Answered
Your Score History
You have not taken this quiz